00935nam a2200301 i 4500001000400000100003400004245007300038250001900111260004800130300002300178490002100201504003100222650002500253650001800278650001500296650001500311650002200326655001200348700002100360830002100381040000800402041000800410942000700418008004100425999001700466856009800483952005200581bgj1 aSINCLAIR, Uptond(1878-1968).10aThe Jungle /cUpton Sinclair ; with an afterword by Robert B. Downs. a[15th print.]. aNew York :bNew American Library,cc. 1960. a[352] pp ;c18 cm.1 aA Signet Classic aBibliography p. [351-352]. 9aLithuanian Americans 9aWorking class 9aStockyards 9aImmigrants 9aPolitical fiction aFiction1 aDOWNS, Robert B. aA Signet Classic cBPK0 aeng cKS s uk f |000 0 eng  c47925d47925 uhttp://koha.tu.koszalin.pl/cgi-bin/koha/opac-detail.pl?biblionumber=47925yKatalog online BPK 00104070aBPKbBPKckwoKA 4701p09024458yKS